Kings of Saudi Arabia - Statistics

General Stats
  • This quiz has been taken 80 times
  • The average score is 6 of 7
Answer Stats
Years in Power King % Correct
2005-2015 Abdullah
95%
2015-present Salman
93%
1964-1975 Faisal
85%
1932-1953 Abdulaziz
78%
1982-2005 Fahd
77%
1953-1964 Saud
77%
1975-1982 Khalid
62%
No matching quizzes found
Score Distribution
Percent of People with Each Score
Percentile by Number Answered
Your Score History
You have not taken this quiz